O Wálce Židowské knihy Sedmery, spolu s geho Žiwotem, a gat Spisowatele Zemĕ a Mĕsta toho Národu wyobrazenjm, znowu na swĕtlo wydany

Bibliographic Details
Main Author: Josephus Flavius, asi 37-asi 100 (Author)
Corporate Author: Mayer, Karel Josef (Printer)
Format: Book
Language:Slovak
Czech
PhysicalDescription:XVIII, 646, [10] s. 19 cm
Published: W Lewoči Wytiskl Karl Josef Mayer a Kr. privl. Impressor dostánj w Presspůrku v Gjřjho Palkowiče 1805
Subjects:

MARC

LEADER 00000nam a2200000 a 4500
001 vtls001305151
003 SK-MaSNL
005 20260301004944.0
008 251112s1805 xo slo
020 |q (viaz.) 
035 |a SNK000257372 
035 |a urn:nbn:sk:snk-amtfn0 
035 |a urn:nbn:sk:snk-am00c9w8 
035 |a 4EE9CAB7-43DA-4CA2-9E9C-7D9F6A695485 
040 |a SNK  |b slo  |c SNK  |e AACR2 
041 |a cze 
044 |a xo  |c SK 
072 7 |a 93/94  |x Dejiny (všeobecne)  |2 konspekt 
080 |a 93/94  |2 2001 
080 |a (=411.16)  |2 2001 
080 |a (569.44)  |2 2001 
100 0 0 |a Josephus Flavius,  |d asi 37-asi 100  |4 aut  |9 128523 
245 1 0 |a O Wálce Židowské knihy Sedmery, spolu s geho Žiwotem, a gat Spisowatele Zemĕ a Mĕsta toho Národu wyobrazenjm, znowu na swĕtlo wydany 
260 |a W Lewoči  |b Wytiskl Karl Josef Mayer a Kr. privl. Impressor dostánj w Presspůrku v Gjřjho Palkowiče  |c 1805 
300 |a XVIII, 646, [10] s.  |c 19 cm 
508 |a Chyby opravené na konci knihy 
508 |a Predslov vydavateľa 
561 |a Okrúhla pečiatka: Dar Martina Hamuljaka Matici slovenskej.  |5 SNK SD 9 D4 
561 |a Okrúhla pečiatka: Nyitravármegyei Muzeum 1900.  |5 SNK SD 9 D4 
561 |a Okrúhla pečiatka: Knižnica Matice slovenskej.  |5 SNK SD 9 D4 
650 0 7 |a dejiny  |2 SNKPH  |9 3825 
650 0 7 |a Židia  |2 SNKPH  |9 3760 
651 7 |a Jeruzalem (Izrael)  |2 SNKPH  |9 183952 
700 1 |a Hamuljak, Martin,  |d 1789-1859  |4 own  |4 fmo  |9 79936 
710 2 |a Mayer, Karel Josef  |c Levoča  |4 prt  |9 288538 
752 |a Slovensko  |d Levoča 
852 |a snk  |b Historické fondy  |p SD 9 D4 
958 |a ONDV 
999 |c 543787  |d 545717 
952 |a SNK  |b SNK  |y PREZ  |7 0  |p 17A0099959  |o snkSD 9 D1  |0 0  |1 0  |4 0  |d 1997-10-03  |l 0  |r 2005-01-02 00:00:00  |w 2026-02-23 
952 |a SNK  |b SNK  |y PREZ  |7 0  |p 17A0459328  |o snkSD 9 D2  |i snkD 2474/61  |8 1  |0 0  |1 0  |4 0  |d 2002-11-04  |l 0  |r 2005-01-02 00:00:00  |w 2026-02-23 
952 |a SNK  |b SNK  |y PREZ  |7 0  |p 17A0459299  |o snkSD 9 D3  |i snkF 896/67  |8 5  |0 0  |1 0  |4 0  |d 2002-11-04  |l 0  |r 2005-01-02 00:00:00  |w 2026-02-23 
952 |a SNK  |b SNK  |y PREZ  |7 0  |p 17A0417054  |o snkSD 9  |i snkF 3436/67  |8 5  |0 0  |1 0  |4 0  |d 2002-11-04  |l 0  |r 2025-10-14 00:00:00  |w 2026-02-23 
952 |t Ham 725  |a SNK  |b SNK  |c SNK_HF  |y PREZ  |7 0  |p 17A1121545  |o snkSD 9 D4  |i snk2015/6827  |8 5  |0 0  |1 0  |4 0  |d 2015-02-26  |f 1  |l 0  |r 2026-02-23 12:48:03  |w 2026-02-23